Sistemas arquitectónicos contemporáneos
Na minha lista:
| Autor principal: | |
|---|---|
| Formato: | Livro |
| Idioma: | espanhol |
| Publicado em: |
Barcelona
Gustavo Gili
2008
|
| Assuntos: | |
| Tags: |
Adicionar Tag
Sem tags, seja o primeiro a adicionar uma tag!
|
MARC
| LEADER | 00000cam a2200000 a 4500 | ||
|---|---|---|---|
| 001 | UCG9833 | ||
| 003 | CL-VaPUC | ||
| 008 | 120405e20080000SP |||||||||||||||||spa|d | ||
| 020 | |a 9788425221903 | ||
| 082 | 0 | 4 | |a 724.6 |b MON |2 21 |
| 100 | |a Montaner i Martorell, Josep María |e autor |9 585643 | ||
| 245 | 1 | 0 | |a Sistemas arquitectónicos contemporáneos |
| 300 | |a 223 p | ||
| 942 | |c BK | ||
| 945 | |d 20120405 00:00:00 |a dcastane | ||
| 260 | |a Barcelona |b Gustavo Gili |c 2008 | ||
| 650 | 0 | |a Arquitectura |y Siglo 20 |9 266208 | |
| 650 | 0 | |a Historia de la arquitectura |9 266241 | |
| 650 | 0 | |a Arquitectura moderna |9 265021 | |
| 650 | 7 | |a ESTILOS ARQUITECTONICOS |2 CL-VaPUC |9 372532 | |
| 583 | |a last modification |c 20120405 11:40:00 |k Rodrigo Vera | ||
| 999 | |c 347370 |d 347368 | ||
| 952 | |0 0 |1 0 |4 0 |6 724_600000000000000_MON_2008 |7 0 |8 A |9 448652 |a BIBARQ |b BIBARQ |d 2019-11-22 |i 4855078 |l 1 |o 724.6 MON 2008 |p 4855078 |r 2025-01-20 |s 2022-10-21 |w 2019-11-22 |y BK |k ARQ | ||